[Event "Klatovy op-B 29th"]
[Site "Klatovy"]
[Date "2023.07.06"]
[Round "6"]
[White "Vavrousek, Petr"]
[Black "Chmelik, Ladislav"]
[Result "1-0"]
[WhiteElo "1511"]
[BlackElo "1749"]
[PlyCount "55"]
[EventDate "2023.07.01"]
[EventType "swiss"]
[EventRounds "9"]
[EventCountry "CZE"]
[SourceTitle "CBM 215 Extra"]
[Source "ChessBase"]
[SourceDate "2023.09.30"]
[SourceVersion "1"]
[SourceVersionDate "2023.09.30"]
[SourceQuality "1"]

1. e4 d5 2. exd5 Qxd5 3. Nf3 Nf6 4. Be2 e6 5. 0-0 Be7 6. c4 Qd8 7. d4 0-0 8. Nc3 Nbd7 9. Bf4 a6 10. Bd3 c5 11. d5 exd5 12. cxd5 Nb6 13. d6 c4 14. dxe7 Qxe7 15. Bc2 Rd8 16. Qe1 Qb4 17. Rb1 Bg4 18. a3 Qc5 19. Be3 Qc7 20. Nd4 Re8 21. Qc1 Rad8 22. Nf5 Nbd5 23. Bg5 Nxc3 24. bxc3 Rd5 25. Bxf6 Bxf5 26. Qg5 Bg6 27. Qxd5 Bxc2 28. Qg5 1-0

[Event "Klatovy op-B 29th"]
[Site "Klatovy"]
[Date "2023.07.04"]
[Round "4"]
[White "Vavrousek, Petr"]
[Black "Rudlof, Jan1"]
[Result "1-0"]
[WhiteElo "1511"]
[BlackElo "1257"]
[PlyCount "74"]
[EventDate "2023.07.01"]
[EventType "swiss"]
[EventRounds "9"]
[EventCountry "CZE"]
[SourceTitle "CBM 215 Extra"]
[Source "ChessBase"]
[SourceDate "2023.09.30"]
[SourceVersion "1"]
[SourceVersionDate "2023.09.30"]
[SourceQuality "1"]

1. e4 e5 2. Nf3 Nf6 3. d4 d6 4. dxe5 Nxe4 5. Bc4 Be7 6. Bxf7+ Kxf7 7. Qd5+ Be6 8. Qxe4 Nc6 9. 0-0 dxe5 10. Nxe5+ Nxe5 11. Qxe5 Bd6 12. Qh5+ g6 13. Qf3+ Kg7 14. Qc3+ Kf7 15. Qf3+ Kg7 16. Bd2 Rf8 17. Bc3+ Kg8 18. Qe3 Qe7 19. Qd4 Kf7 20. Nd2 Bc5 21. Qg7+ Ke8 22. Rae1 Rf7 23. Qg8+ Kd7 24. Qxa8 Bxf2+ 25. Rxf2 Rxf2 26. Kxf2 Qc5+ 27. Re3 Qf5+ 28. Nf3 Qxc2+ 29. Kg3 h5 30. Rxe6 h4+ 31. Kh3 Qf5+ 32. Kxh4 Qf4+ 33. Kh3 Qf5+ 34. Kg3 Qxe6 35. Ne5+ Ke7 36. Qxb7 Qf5 37. Qxc7+ Kf6 1-0

[Event "Klatovy op-B 24th"]
[Site "Klatovy"]
[Date "2018.07.06"]
[Round "7"]
[White "Koci, Milos"]
[Black "Vavrousek, Petr"]
[Result "1/2-1/2"]
[WhiteElo "1345"]
[BlackElo "1686"]
[PlyCount "175"]
[EventDate "2018.06.30"]
[EventType "swiss"]
[EventRounds "9"]
[EventCountry "CZE"]
[SourceTitle "EXT 2019"]
[Source "ChessBase"]
[SourceDate "2018.10.10"]
[SourceVersion "1"]
[SourceVersionDate "2018.10.10"]
[SourceQuality "1"]

1. d4 d5 2. Bf4 Nf6 3. Nf3 Ne4 4. Nbd2 Nxd2 5. Qxd2 e6 6. e3 Be7 7. Be2 Nd7 8. 0-0 0-0 9. a3 Nf6 10. Rfe1 Bd7 11. c3 Rc8 12. Qc2 c5 13. Ne5 c4 14. Nxd7 Qxd7 15. Bf3 b5 16. h3 a5 17. e4 dxe4 18. Bxe4 b4 19. axb4 axb4 20. Bf3 b3 21. Qe2 Nd5 22. Bxd5 Qxd5 23. Qe4 Qxe4 24. Rxe4 Ra8 25. Ree1 g5 26. Be3 Kg7 27. Bd2 Kg6 28. g4 Bd6 29. Kg2 Ra2 30. Reb1 Rfa8 31. Rxa2 Rxa2 32. f3 h5 33. Be3 hxg4 34. hxg4 e5 35. dxe5 Bxe5 36. Bd2 f5 37. Kf2 fxg4 38. fxg4 Bf4 39. Bxf4 gxf4 40. Kg2 Kg5 41. Kf3 Ra5 42. Rh1 Ra2 43. Rh2 Ra1 44. Rh5+ Kg6 45. Rh2 Rc1 46. Kxf4 Rc2 47. Kg3 Kf6 48. Kh3 Ke5 49. g5 Kf5 50. Rg2 Kg6 51. Kg3 Kxg5 52. Kf3+ Kf5 53. Re2 Rc1 54. Ke3 Rd1 55. Rf2+ Ke5 56. Rd2 Re1+ 57. Re2 Rh1 58. Kf3+ Kd5 59. Rd2+ Kc5 60. Rg2 Rh3+ 61. Kf4 Rh5 62. Kf3 Rd5 63. Re2 Rd1 64. Re5+ Kd6 65. Re2 Rc1 66. Rd2+ Kc5 67. Ke3 Rh1 68. Rf2 Rh3+ 69. Ke2 Rh5 70. Rf3 Kd5 71. Ke3 Ke5 72. Rf4 Rh3+ 73. Rf3 Rh4 74. Ke2 Rh2+ 75. Rf2 Rh1 76. Rf1 Rh8 77. Rf3 Rd8 78. Re3+ Kf4 79. Rf3+ Kg4 80. Re3 Rh8 81. Rf3 Rh2+ 82. Rf2 Rh3 83. Ke1 Rg3 84. Rd2 Rh3 85. Rf2 Kg3 86. Ke2 Rh8 87. Rf3+ Kg2 88. Rf2+ 1/2-1/2

[Event "Klatovy op-B 22nd"]
[Site "Klatovy"]
[Date "2016.07.10"]
[Round "9"]
[White "Ruzicka, Vaclav1"]
[Black "Vavrousek, Petr"]
[Result "0-1"]
[WhiteElo "1649"]
[BlackElo "1763"]
[PlyCount "129"]
[EventDate "2016.07.02"]
[EventType "swiss"]
[EventRounds "9"]
[EventCountry "CZE"]
[SourceTitle "EXT 2019"]
[Source "ChessBase"]
[SourceDate "2018.10.10"]
[SourceVersion "1"]
[SourceVersionDate "2018.10.10"]
[SourceQuality "1"]

1. d4 d5 2. c4 e6 3. Nf3 Nf6 4. g3 c6 5. Qc2 Nbd7 6. Bg2 Bb4+ 7. Bd2 Qa5 8. 0-0 Ne4 9. Bxb4 Qxb4 10. Nbd2 Ndf6 11. a3 Qe7 12. Ne5 Nxd2 13. Qxd2 Nd7 14. Nxd7 Bxd7 15. c5 0-0 16. f4 f6 17. b4 e5 18. fxe5 fxe5 19. Qe3 Rxf1+ 20. Rxf1 Re8 21. dxe5 Qxe5 22. Qxe5 Rxe5 23. Kf2 Bf5 24. e3 Kf7 25. Ke2 Ke6 26. Kd2 g5 27. h4 g4 28. Rf4 h5 29. Bh1 b6 30. cxb6 axb6 31. a4 Ke7 32. Bg2 Bd7 33. a5 bxa5 34. bxa5 d4 35. Rxd4 Rxa5 36. Be4 c5 37. Rc4 Be6 38. Rc3 Kf6 39. Bd3 Bf7 40. e4 Ke5 41. Ke3 Be6 42. Be2 Bf7 43. Bd3 Kd6 44. Kf4 Ra4 45. Bc2 Rd4 46. Ke3 Rb4 47. Kf4 c4 48. e5+ Kc5 49. Bf5 Rb3 50. Rxb3 cxb3 51. e6 Be8 52. Kg5 b2 53. Kf6 Kd6 54. e7 Kc7 55. Kg7 Kd6 56. Kf8 Ke5 57. Bb1 Bb5 58. e8Q+ Bxe8 59. Kxe8 Kd4 60. Kf7 Ke3 61. Kg6 Kf2 62. Kxh5 Kxg3 63. Bf5 Kf4 64. Bb1 g3 65. Kg6 0-1

[Event "Klatovy op-B 22nd"]
[Site "Klatovy"]
[Date "2016.07.08"]
[Round "7"]
[White "Vavrinkova, Eliska"]
[Black "Vavrousek, Petr"]
[Result "1/2-1/2"]
[WhiteElo "1626"]
[BlackElo "1763"]
[PlyCount "84"]
[EventDate "2016.07.02"]
[EventType "swiss"]
[EventRounds "9"]
[EventCountry "CZE"]
[SourceTitle "EXT 2019"]
[Source "ChessBase"]
[SourceDate "2018.10.10"]
[SourceVersion "1"]
[SourceVersionDate "2018.10.10"]
[SourceQuality "1"]

1. d4 d5 2. Nf3 Nf6 3. c4 e6 4. cxd5 exd5 5. Nc3 c6 6. Qc2 Nbd7 7. Bg5 Be7 8. e3 Nf8 9. Bd3 g6 10. 0-0 Ne6 11. Bh4 Ng7 12. Rab1 Bf5 13. b4 Bxd3 14. Qxd3 Nf5 15. Bxf6 Bxf6 16. b5 0-0 17. Rfc1 Rc8 18. bxc6 bxc6 19. Qa6 Rc7 20. Na4 Qc8 21. Nc5 Nd6 22. Nd2 Qf5 23. Qa5 Bd8 24. Na6 Rb7 25. Qc5 Rxb1 26. Nxb1 Ne4 27. Qc2 Bg5 28. Nc3 Rc8 29. Nxe4 Qxe4 30. Qxe4 dxe4 31. Nb4 c5 32. Rxc5 Rb8 33. a3 Be7 34. Rc1 Bxb4 35. axb4 Rxb4 36. Ra1 a5 37. Kf1 a4 38. Ra2 Kf8 39. Ke2 Ke7 40. Kd2 Kd6 41. Kc3 Rb3+ 42. Kc2 Rb4 1/2-1/2

[Event "Klatovy op-B 22nd"]
[Site "Klatovy"]
[Date "2016.07.04"]
[Round "3"]
[White "Vavrinkova, Jitka"]
[Black "Vavrousek, Petr"]
[Result "0-1"]
[WhiteElo "1625"]
[BlackElo "1763"]
[PlyCount "138"]
[EventDate "2016.07.02"]
[EventType "swiss"]
[EventRounds "9"]
[EventCountry "CZE"]
[SourceTitle "EXT 2019"]
[Source "ChessBase"]
[SourceDate "2018.10.10"]
[SourceVersion "1"]
[SourceVersionDate "2018.10.10"]
[SourceQuality "1"]

1. e4 e6 2. d4 d5 3. Nd2 dxe4 4. Nxe4 Bd7 5. Nf3 Bc6 6. Bd3 Nd7 7. Bf4 Ngf6 8. Ned2 Nd5 9. Bg3 Be7 10. 0-0 Nb4 11. Be2 0-0 12. c3 Nd5 13. Qc2 f5 14. h3 N5f6 15. Ne5 Nxe5 16. dxe5 Ne4 17. Nxe4 Bxe4 18. Qb3 Bd5 19. c4 Bc6 20. f4 Bc5+ 21. Bf2 Qe7 22. a3 Rad8 23. Qc3 Bxf2+ 24. Rxf2 Qc5 25. b4 Qd4 26. Qxd4 Rxd4 27. c5 Rfd8 28. Rff1 Rd2 29. Rad1 Ba4 30. Rxd2 Rxd2 31. Bc4 Kf7 32. Rf3 Bc6 33. Rf2 Rd4 34. Be2 h6 35. h4 g6 36. g3 Rd2 37. Bc4 Rd1+ 38. Rf1 Rd4 39. Be2 Rd2 40. Bf3 Rd3 41. Bxc6 bxc6 42. Kf2 Rxa3 43. Rd1 Ke7 44. Re1 h5 45. Rb1 Kd7 46. Rd1+ Kc8 47. Rd4 Ra4 48. Ke3 a5 49. bxa5 Rxa5 50. Rc4 Kb7 51. Kd4 Ka6 52. Rc3 Ra4+ 53. Kd3 Kb5 54. Ke3 Rc4 55. Rd3 Kxc5 56. Rd7 Rc3+ 57. Kf2 Kc4 58. Rxc7 Kd4 59. Rd7+ Ke4 60. Rd2 c5 61. Re2+ Kd4 62. Rd2+ Rd3 63. Ra2 c4 64. Ra6 Ke4 65. Rxe6 c3 66. Rc6 Rd2+ 67. Ke1 Kd3 68. Rd6+ Kc2 69. e6 Rxd6 0-1

[Event "Klatovy op-B"]
[Site "Klatovy"]
[Date "2013.07.01"]
[Round "3"]
[White "Zednik, Zdenek"]
[Black "Vavrousek, Petr"]
[Result "1-0"]
[WhiteElo "1900"]
[BlackElo "1725"]
[PlyCount "64"]
[EventDate "2013.06.29"]
[EventType "swiss"]
[EventRounds "9"]
[EventCountry "CZE"]
[SourceTitle "EXT 2014"]
[Source "ChessBase"]
[SourceDate "2013.11.20"]
[SourceVersion "1"]
[SourceVersionDate "2013.11.20"]
[SourceQuality "1"]

1. Nf3 Nf6 2. c4 c6 3. g3 d5 4. cxd5 Nxd5 5. Bg2 Bg4 6. Ne5 Bh5 7. Qb3 Nb6 8. a4 N8d7 9. Nxd7 Qxd7 10. a5 Nd5 11. e4 Nf6 12. Nc3 e6 13. 0-0 Be7 14. d4 0-0 15. d5 e5 16. Be3 Kh8 17. Rfc1 Bg4 18. Na4 cxd5 19. exd5 e4 20. Nc5 Bxc5 21. Bxc5 Rfe8 22. d6 Re5 23. Bd4 Rb5 24. Qc4 Ne8 25. Bc5 Rc8 26. Qd4 f5 27. Bf1 Rb3 28. Bb4 Rxc1 29. Rxc1 Bf3 30. Qc4 Rxb2 31. Qc8 Qxc8 32. Rxc8 g6 1-0

[Event "Tabor op"]
[Site "Tabor"]
[Date "2010.08.07"]
[Round "8"]
[White "Vavrousek, Petr"]
[Black "Kouba, Pavel"]
[Result "1/2-1/2"]
[WhiteElo "1875"]
[BlackElo "1703"]
[PlyCount "100"]
[EventDate "2010.08.01"]
[EventType "swiss"]
[EventRounds "9"]
[EventCountry "CZE"]
[SourceTitle "EXT 2012"]
[Source "ChessBase"]
[SourceDate "2011.11.24"]
[SourceVersion "1"]
[SourceVersionDate "2011.11.24"]
[SourceQuality "1"]

1. e4 e5 2. Nf3 Nc6 3. Bb5 a6 4. Bxc6 dxc6 5. 0-0 f6 6. c3 Bg4 7. b4 Bd6 8. Na3 c5 9. Nc2 cxb4 10. cxb4 Ne7 11. Ne3 Bh5 12. a3 0-0 13. Qb3+ Bf7 14. Qc2 Rc8 15. Nc4 c5 16. Qd3 Bb8 17. Qxd8 Rfxd8 18. Ne3 Bg6 19. bxc5 Bxe4 20. a4 Ba7 21. Ba3 Bxc5 22. Bxc5 Rxc5 23. Rfd1 Nd5 24. d4 Nxe3 25. fxe3 exd4 26. Nxd4 Rcd5 27. Rdc1 Kf7 28. Ra3 f5 29. Rac3 f4 30. Rf1 g5 31. g3 Kg6 32. gxf4 g4 33. Kf2 Rh5 34. Kg3 Rd6 35. f5+ Bxf5 36. Nxf5 Rxf5 37. Rxf5 Kxf5 38. Rc5+ Kg6 39. Kxg4 Rc6 40. Rxc6+ bxc6 41. Kf4 Kf6 42. Ke4 Ke6 43. Kd4 Kd6 44. Kc4 c5 45. a5 h5 46. e4 h4 47. e5+ Kxe5 48. Kxc5 h3 49. Kb6 Kd6 50. Kxa6 Kc6 1/2-1/2

[Event "Tabor op"]
[Site "Tabor"]
[Date "2008.08.02"]
[Round "8"]
[White "Vavrousek, Petr"]
[Black "Ruzicka, Ales"]
[Result "0-1"]
[WhiteElo "1898"]
[BlackElo "2019"]
[PlyCount "69"]
[EventDate "2008.07.26"]
[EventType "swiss"]
[EventRounds "9"]
[EventCountry "CZE"]
[SourceTitle "CBM 125 Extra"]
[Source "ChessBase"]
[SourceDate "2008.09.01"]
[SourceVersion "1"]
[SourceVersionDate "2008.09.01"]
[SourceQuality "1"]

1. e4 c5 2. Nf3 d6 3. d4 cxd4 4. Nxd4 Nf6 5. Nc3 a6 6. Bc4 e6 7. g4 Qc7 8. Bb3 Nc6 9. g5 Ng8 10. Be3 Nge7 11. Qe2 Nxd4 12. Bxd4 Nc6 13. Be3 b5 14. 0-0-0 Be7 15. f4 Na5 16. Kb1 Nxb3 17. cxb3 Bd7 18. f5 Qb7 19. Bf4 b4 20. Na4 e5 21. Bc1 Rc8 22. f6 gxf6 23. gxf6 Bf8 24. Be3 Qxe4+ 25. Ka1 Bb5 26. Qf2 Rc2 27. Qg3 Rg2 28. Nc5 Rxg3 29. Nxe4 Rxe3 30. Nxd6+ Bxd6 31. Rxd6 Rd3 32. Rb6 0-0 33. Rg1+ Kh8 34. Kb1 Rf3 35. Rg7 0-1

[Event "Tabor op"]
[Site "Tabor"]
[Date "2008.07.29"]
[Round "4"]
[White "Vavrousek, Petr"]
[Black "Brcak, Marek"]
[Result "0-1"]
[WhiteElo "1898"]
[BlackElo "2003"]
[PlyCount "80"]
[EventDate "2008.07.26"]
[EventType "swiss"]
[EventRounds "9"]
[EventCountry "CZE"]
[SourceTitle "CBM 125 Extra"]
[Source "ChessBase"]
[SourceDate "2008.09.01"]
[SourceVersion "1"]
[SourceVersionDate "2008.09.01"]
[SourceQuality "1"]

1. e4 e5 2. Nf3 Nc6 3. Bb5 a6 4. Bxc6 dxc6 5. 0-0 Bg4 6. h3 h5 7. d3 Qf6 8. Nbd2 Bd6 9. Nc4 Bxf3 10. Qxf3 Qg6 11. Qg3 Qxg3 12. fxg3 Ne7 13. Be3 f6 14. Rae1 0-0-0 15. Rf3 c5 16. Ref1 Nc6 17. Nxd6+ cxd6 18. a3 Kd7 19. g4 hxg4 20. hxg4 Ke7 21. g5 Rdf8 22. g6 Rh4 23. Rg3 Rfh8 24. Kf2 Nd8 25. Ke2 Ne6 26. Kf3 Nf4 27. b4 cxb4 28. axb4 Rc8 29. Rf2 Rc3 30. Rg4 Rxg4 31. Kxg4 Nxg6 32. Kf5 Nh4+ 33. Kg4 Ng6 34. Kf5 Kf7 35. g3 Ne7+ 36. Kg4 Nc6 37. Bb6 Nxb4 38. Ba5 Rxc2 39. Rf1 Nxd3 40. Rf3 Nf2+ 0-1

[Event "Tabor op"]
[Site "Tabor"]
[Date "2007.08.04"]
[Round "8"]
[White "Vavrousek, Petr"]
[Black "Medek, Rudolf"]
[Result "1-0"]
[WhiteElo "1887"]
[BlackElo "1593"]
[PlyCount "57"]
[EventDate "2007.07.29"]
[EventType "swiss"]
[EventRounds "9"]
[EventCountry "CZE"]
[SourceTitle "EXT 2009"]
[Source "ChessBase"]
[SourceDate "2008.11.26"]
[SourceVersion "1"]
[SourceVersionDate "2008.11.26"]
[SourceQuality "1"]

1. e4 d6 2. d4 Nf6 3. Nc3 g6 4. Be3 Bg7 5. h3 0-0 6. f4 e5 7. dxe5 dxe5 8. fxe5 Qxd1+ 9. Rxd1 Nfd7 10. Nf3 Nxe5 11. Nd5 Na6 12. Bxa6 bxa6 13. Nxc7 Rb8 14. Nd5 Nxf3+ 15. gxf3 Rxb2 16. c4 Rxa2 17. f4 a5 18. e5 Re8 19. Rb1 Bf5 20. Rc1 h6 21. h4 Rd8 22. Ne7+ Kf8 23. Nxf5 gxf5 24. Bc5+ Kg8 25. Bd6 f6 26. Rg1 Kf7 27. c5 fxe5 28. Rd1 exf4 29. Rxg7+ 1-0

[Event "Tabor op"]
[Site "Tabor"]
[Date "2007.07.29"]
[Round "1"]
[White "Vavrousek, Petr"]
[Black "Borkovec, Milan"]
[Result "0-1"]
[WhiteElo "1887"]
[BlackElo "2248"]
[PlyCount "32"]
[EventDate "2007.07.29"]
[EventType "swiss"]
[EventRounds "9"]
[EventCountry "CZE"]
[SourceTitle "EXT 2009"]
[Source "ChessBase"]
[SourceDate "2008.11.26"]
[SourceVersion "1"]
[SourceVersionDate "2008.11.26"]
[SourceQuality "1"]

1. e4 e5 2. Nf3 Nc6 3. Bb5 a6 4. Bxc6 dxc6 5. 0-0 f6 6. d4 exd4 7. Nxd4 c5 8. Nf5 Qxd1 9. Rxd1 Bxf5 10. exf5 Bd6 11. Nc3 Ne7 12. g4 h5 13. h3 hxg4 14. hxg4 Rh4 15. f3 0-0-0 16. Ne4 Bh2+ 0-1

[Event "Teplice op 2nd"]
[Site "Teplice"]
[Date "2007.06.18"]
[Round "4"]
[White "Hadraba, Vladimir"]
[Black "Vavrousek, Petr"]
[Result "1-0"]
[WhiteElo "2193"]
[BlackElo "1894"]
[PlyCount "89"]
[EventDate "2007.06.16"]
[EventType "swiss"]
[EventRounds "9"]
[EventCountry "CZE"]
[SourceTitle "CBM 118 Extra"]
[Source "ChessBase"]
[SourceDate "2007.07.04"]
[SourceVersion "1"]
[SourceVersionDate "2007.07.04"]
[SourceQuality "1"]

1. e4 e6 2. d4 d5 3. e5 c5 4. c3 Bd7 5. Nf3 Nc6 6. Be2 Rc8 7. 0-0 Qb6 8. dxc5 Bxc5 9. b4 Bf8 10. Bd3 Nge7 11. b5 Nd8 12. Be3 Qa5 13. a4 Ng6 14. g3 Bc5 15. Bd4 Qc7 16. Nbd2 Bxd4 17. cxd4 b6 18. Nb3 Nb7 19. Rc1 Qd8 20. h4 0-0 21. Ng5 h6 22. Nxf7 Rxf7 23. Bxg6 Rf8 24. Rxc8 Qxc8 25. Qd3 Qd8 26. Rc1 Kh8 27. Qd2 Rf3 28. Rc3 Rxc3 29. Qxc3 Kg8 30. f4 Kh8 31. Bc2 Be8 32. Qd3 g6 33. h5 Qe7 34. hxg6 Kg7 35. Nd2 Na5 36. Nf3 Nc4 37. Kg2 Qa3 38. Nh4 Qb2 39. Kh3 Qc1 40. f5 Qh1+ 41. Kg4 h5+ 42. Kxh5 exf5 43. Qxf5 Ne3 44. Qf6+ Kg8 45. Qe6+ 1-0

[Event "Teplice op 2nd"]
[Site "Teplice"]
[Date "2007.06.16"]
[Round "1"]
[White "Vavrousek, Petr"]
[Black "Manik, Mikulas"]
[Result "0-1"]
[WhiteElo "1894"]
[BlackElo "2438"]
[PlyCount "60"]
[EventDate "2007.06.16"]
[EventType "swiss"]
[EventRounds "9"]
[EventCountry "CZE"]
[SourceTitle "CBM 118 Extra"]
[Source "ChessBase"]
[SourceDate "2007.07.04"]
[SourceVersion "1"]
[SourceVersionDate "2007.07.04"]
[SourceQuality "1"]

1. e4 c5 2. Nf3 Nc6 3. d4 cxd4 4. Nxd4 Nf6 5. Nc3 d6 6. Bc4 Qb6 7. Nb3 e6 8. 0-0 Be7 9. Be3 Qc7 10. f4 a6 11. Be2 b5 12. Bf3 Bb7 13. a3 0-0 14. Qe1 Rfe8 15. g4 b4 16. axb4 Nxb4 17. Qf2 d5 18. e5 Ne4 19. Bxe4 dxe4 20. Na5 Bd5 21. Rfd1 Rab8 22. Ba7 Bh4 23. Qc5 Qxc5+ 24. Bxc5 Nxc2 25. Rab1 e3 26. Kf1 Bf3 27. Rdc1 Nb4 28. Bxe3 Bxg4 29. Ne2 Bf5 30. Ra1 Nc2 0-1

[Event "Znojmo op2"]
[Site "Znojmo"]
[Date "2007.??.??"]
[Round "9"]
[White "Adam, Petr"]
[Black "Vavrousek, Petr"]
[Result "1/2-1/2"]
[WhiteElo "2095"]
[BlackElo "1945"]
[PlyCount "99"]
[EventDate "2007.04.??"]
[EventType "swiss"]
[EventRounds "9"]
[EventCountry "CZE"]
[SourceTitle "EXT 2010"]
[Source "ChessBase"]
[SourceDate "2010.11.25"]
[SourceVersion "1"]
[SourceVersionDate "2010.11.25"]
[SourceQuality "1"]

1. d4 d5 2. Nf3 Nf6 3. c4 c6 4. e3 e6 5. Qc2 Nbd7 6. Nc3 Bd6 7. g4 Bb4 8. Bd2 Bxc3 9. Bxc3 Ne4 10. Bb4 a5 11. Ba3 b6 12. Bd3 Ba6 13. Bxe4 dxe4 14. Nd2 f5 15. gxf5 exf5 16. Nxe4 fxe4 17. Qxe4+ Kf7 18. Qxc6 g6 19. b3 Nf6 20. d5 Re8 21. Bb2 Rc8 22. Qxf6+ Qxf6 23. Bxf6 Kxf6 24. a4 Re4 25. Kd2 Rce8 26. Rae1 Rg4 27. Kd3 Bc8 28. e4 Ke5 29. Re2 Rf8 30. Rf1 Rgf4 31. Rc1 Rf3+ 32. Re3 Rxf2 33. c5 Ba6+ 34. Kc3 bxc5 35. Rg1 Rxh2 36. Rg5+ Kd6 37. e5+ Kxd5 38. e6+ Kc6 39. e7 Re8 40. Re6+ Kb7 41. Rd5 Rh3+ 42. Kc2 Rh2+ 43. Kc3 Re2 44. Rd7+ Kc8 45. Rd8+ Rxd8 46. exd8Q+ Kxd8 47. Rxa6 Re7 48. Rxa5 Rc7 49. Kc4 Kd7 50. Rxc5 1/2-1/2

[Event "Znojmo op2"]
[Site "Znojmo"]
[Date "2007.??.??"]
[Round "7"]
[White "Blazek, Milos"]
[Black "Vavrousek, Petr"]
[Result "1-0"]
[WhiteElo "2110"]
[BlackElo "1945"]
[PlyCount "95"]
[EventDate "2007.04.??"]
[EventType "swiss"]
[EventRounds "9"]
[EventCountry "CZE"]
[SourceTitle "EXT 2010"]
[Source "ChessBase"]
[SourceDate "2010.11.25"]
[SourceVersion "1"]
[SourceVersionDate "2010.11.25"]
[SourceQuality "1"]

1. e4 c5 2. Nf3 Nc6 3. d4 cxd4 4. Nxd4 g6 5. Nc3 Bg7 6. Be3 Nf6 7. Bc4 0-0 8. f3 Qb6 9. Qd2 Nxe4 10. fxe4 Bxd4 11. Bxd4 Qxd4 12. Qxd4 Nxd4 13. 0-0-0 Nc6 14. Nd5 Rb8 15. Bb5 Re8 16. Nc7 Rd8 17. Rhf1 Ne5 18. Ba4 d6 19. Bb3 Bd7 20. Nd5 Re8 21. h3 Bb5 22. Rf4 Rbc8 23. Ne3 Bc4 24. Nxc4 Nxc4 25. h4 Ne5 26. h5 g5 27. Rf2 Kg7 28. Rd5 Rc7 29. g4 e6 30. Rxd6 Nxg4 31. Rg2 Ne5 32. Rxg5+ Kf6 33. Rg2 Rec8 34. Rdd2 Rc5 35. h6 Ng6 36. Rd7 R8c7 37. Rf2+ Ke5 38. Rfxf7 Rxd7 39. Rxd7 Kxe4 40. Rxh7 Rh5 41. Bxe6 Nf4 42. Bg4 Rh4 43. Re7+ Kd4 44. c3+ Kc5 45. h7 Ng6 46. Rg7 Ne5 47. Rg5 Kd6 48. Rh5 1-0

[Event "Znojmo op2"]
[Site "Znojmo"]
[Date "2007.??.??"]
[Round "2"]
[White "Kireev, Aleksei"]
[Black "Vavrousek, Petr"]
[Result "1-0"]
[WhiteElo "2355"]
[BlackElo "1945"]
[PlyCount "71"]
[EventDate "2007.04.??"]
[EventType "swiss"]
[EventRounds "9"]
[EventCountry "CZE"]
[SourceTitle "EXT 2010"]
[Source "ChessBase"]
[SourceDate "2010.11.25"]
[SourceVersion "1"]
[SourceVersionDate "2010.11.25"]
[SourceQuality "1"]

1. d4 d5 2. Bg5 Qd6 3. c3 Nf6 4. e3 Nbd7 5. f4 h6 6. Bh4 Ne4 7. Nd2 Ndf6 8. Bxf6 Nxf6 9. Ngf3 Bf5 10. Ne5 e6 11. g4 Bh7 12. g5 hxg5 13. fxg5 Nd7 14. Nxd7 Qxd7 15. Nf3 Bd6 16. Bd3 Be4 17. Bxe4 dxe4 18. Nd2 Rxh2 19. Rxh2 Bxh2 20. Nxe4 0-0-0 21. Qc2 Bd6 22. 0-0-0 Rh8 23. Qf2 Qa4 24. a3 Qd7 25. Rf1 Rf8 26. Qe2 Be7 27. Qg4 f5 28. gxf6 gxf6 29. Qg7 Qd8 30. Nf2 Qe8 31. Rg1 Qf7 32. Nd3 Bd6 33. Qh6 Be7 34. Rg7 Qe8 35. Nf4 Rh8 36. Rxe7 1-0